000 00816nam a2200277Ia 4500
003 OSt
005 20220928110704.0
006 a|||||r|||| 00| 0
007 ta
008 220927b |||||||| |||| 00| 0 eng d
020 _c350
024 _a106146
037 _b256, 08/03/2010, Granthlok
_cTextual
040 _aSDCL
_cSDCL
_beng
041 _2eng
_aeng
082 _aNT2,P, P4
100 _aKher Anupam Ed.
_9420284
245 0 _aRang yatra.
260 _aNew Delhi
_bRastiya Natya Vidyalay
_c2004
300 _a512p
_ccm.
650 _aHindi
_9391598
700 _a Ankur Devender Raj Ed.
_9420285
700 _a Kool Bansi Ed.
_9420286
942 _hNT2,P, P4
_cTEXL
_2CC
999 _c736500
_d736500